[Event "Vaujany op-B 9th"]
[Site "Vaujany"]
[Date "2019.07.15"]
[Round "5.3"]
[White "Fahys, Bertrand"]
[Black "Lees, Jean Pierre"]
[Result "1/2-1/2"]
[WhiteElo "1888"]
[BlackElo "1710"]
[PlyCount "94"]
[EventDate "2019.07.11"]
[EventType "swiss"]
[EventRounds "9"]
[EventCountry "FRA"]
[SourceTitle "EXT 2020"]
[Source "ChessBase"]
[SourceDate "2019.10.17"]
[SourceVersion "1"]
[SourceVersionDate "2019.10.17"]
[SourceQuality "1"]

1. d4 Nf6 2. c4 e6 3. Nf3 b6 4. g3 Ba6 5. Qc2 c5 6. Bg2 Nc6 7. dxc5 Bxc5 8. 0-0 0-0 9. a3 Bb7 10. b4 Be7 11. e4 d6 12. Bb2 Qc7 13. Nbd2 Rac8 14. Rac1 Rfd8 15. Nb3 Ne8 16. Qe2 Bf6 17. Bxf6 Nxf6 18. Rfd1 Qe7 19. Ne1 Ne5 20. f4 Ng6 21. e5 dxe5 22. fxe5 Rxd1 23. Rxd1 Ne8 24. c5 Bxg2 25. Nxg2 Qc7 26. cxb6 Qxb6+ 27. Kh1 Qb8 28. Re1 Nc7 29. Nd4 Nd5 30. Nb5 Nc3 31. Nxc3 Rxc3 32. Qa6 Qa8 33. Kg1 Qb8 34. Qd6 Qxd6 35. exd6 Rd3 36. Rc1 Rxd6 37. Rc8+ Nf8 38. b5 Rd1+ 39. Kf2 Ra1 40. Rc3 Rb1 41. Rc7 Rxb5 42. Rxa7 Rb2+ 43. Kf3 e5 44. g4 f6 45. h4 Ne6 46. Ne3 Nd4+ 47. Ke4 Nc6 1/2-1/2

[Event "Vaujany op-B 8th"]
[Site "Vaujany"]
[Date "2017.07.16"]
[Round "4.13"]
[White "Lees, Jean Pierre"]
[Black "Gipouloux, Laurent"]
[Result "1-0"]
[WhiteElo "1770"]
[BlackElo "1662"]
[PlyCount "125"]
[EventDate "2017.07.13"]
[EventType "swiss"]
[EventRounds "9"]
[EventCountry "FRA"]
[SourceTitle "EXT 2020"]
[Source "ChessBase"]
[SourceDate "2019.10.17"]
[SourceVersion "1"]
[SourceVersionDate "2019.10.17"]
[SourceQuality "1"]

1. d4 b5 2. e4 Bb7 3. Nd2 c6 4. Bd3 d6 5. Ngf3 Nd7 6. 0-0 e5 7. c3 Be7 8. Re1 Ngf6 9. b3 a5 10. a4 Ba6 11. Qe2 Qb6 12. Bb2 bxa4 13. Bxa6 Qxa6 14. Qxa6 Rxa6 15. Rxa4 Nb6 16. Ra2 Nfd7 17. Rea1 a4 18. bxa4 0-0 19. a5 Rfa8 20. c4 f6 21. Ra3 Nc8 22. Ne1 Bd8 23. Nb3 Ne7 24. Nd3 c5 25. dxc5 dxc5 26. Ndxc5 Nxc5 27. Nxc5 Rxa5 28. Rxa5 Rxa5 29. Rxa5 Bxa5 30. Ba3 Nc6 31. Nb7 Bb4 32. Bxb4 Nxb4 33. Kf1 Nc6 34. Ke2 Kf7 35. Kd3 Ke6 36. c5 Kd7 37. Kc4 Nd4 38. Kd5 Nc6 39. Nd6 Nb4+ 40. Kc4 Nc6 41. Kb5 Nd4+ 42. Kb6 g6 43. Nb5 Nc6 44. Nd6 Nd4 45. Nb7 Nc6 46. Na5 Ne7 47. c6+ Kc8 48. Nc4 Kd8 49. Nd6 f5 50. Kb7 fxe4 51. c7+ Kd7 52. c8Q+ Nxc8 53. Nxc8 Ke6 54. Nb6 Kf5 55. Nc4 g5 56. Ne3+ Kf4 57. Kc6 h5 58. Kd6 g4 59. Ke6 h4 60. Nd5+ Kg5 61. Kxe5 g3 62. fxg3 hxg3 63. h3 1-0

[Event "Vaujany op-B 6th"]
[Site "Vaujany"]
[Date "2015.07.??"]
[Round "2"]
[White "Wantier, Didier"]
[Black "Lees, Jean Pierre"]
[Result "0-1"]
[WhiteElo "1372"]
[BlackElo "1779"]
[PlyCount "72"]
[EventDate "2015.07.08"]
[EventType "swiss"]
[EventRounds "9"]
[EventCountry "FRA"]
[SourceTitle "EXT 2017"]
[Source "ChessBase"]
[SourceDate "2016.10.25"]
[SourceVersion "1"]
[SourceVersionDate "2016.10.25"]
[SourceQuality "1"]

1. d4 Nf6 2. Nf3 e6 3. Bf4 c5 4. Qd3 Nc6 5. Nc3 a6 6. e3 b5 7. dxc5 Bxc5 8. Nd2 Nb4 9. Nde4 Nxd3+ 10. Bxd3 Nxe4 11. Nxe4 Be7 12. 0-0 d5 13. Ng3 Bb7 14. Rae1 Bd6 15. Nh5 Bxf4 16. exf4 0-0 17. Re3 g6 18. Ng3 Qf6 19. Ne2 b4 20. Re5 a5 21. g3 Ba6 22. Bxa6 Rxa6 23. Nd4 Rc8 24. b3 a4 25. h4 axb3 26. axb3 Qd8 27. Kg2 Qb6 28. Nf3 Rxc2 29. Ne1 Rb2 30. h5 Raa2 31. Nd3 Rd2 32. h6 Rxd3 33. Ree1 Rdd2 34. Rc1 Rxf2+ 35. Kh3 Rh2+ 36. Kg4 f5+ 0-1

[Event "Vaujany op 1st"]
[Site "Vaujany"]
[Date "2010.07.12"]
[Round "3"]
[White "Szalontay, Mihaly"]
[Black "Lees, Jean Pierre"]
[Result "1-0"]
[WhiteElo "2025"]
[BlackElo "1857"]
[PlyCount "143"]
[EventDate "2010.07.10"]
[EventType "swiss"]
[EventRounds "9"]
[EventCountry "FRA"]
[SourceTitle "CBM 137 Extra"]
[Source "ChessBase"]
[SourceDate "2010.09.01"]
[SourceVersion "1"]
[SourceVersionDate "2010.09.01"]
[SourceQuality "1"]

1. e4 e6 2. d4 d5 3. Nd2 Nf6 4. e5 Nfd7 5. Bd3 c5 6. c3 Nc6 7. Ndf3 Qb6 8. Ne2 cxd4 9. cxd4 f6 10. exf6 Nxf6 11. 0-0 Bd6 12. Re1 0-0 13. Bf4 Ne4 14. Bxd6 Nxd6 15. Ng3 Nf5 16. Bxf5 exf5 17. Qd2 Bd7 18. Ne2 Qc7 19. Qf4 Qa5 20. Nc3 Rad8 21. Ne5 Bc8 22. Re3 Qb4 23. Rd1 Qd6 24. Nb5 Qf6 25. Rc3 a6 26. Nc7 Qd6 27. Nd3 Rf7 28. Na8 Qf6 29. Ne5 Re7 30. Nxc6 bxc6 31. Re3 Re4 32. Rxe4 fxe4 33. Qxf6 gxf6 34. Nb6 Bd7 35. Rc1 Be8 36. Na4 Rb8 37. a3 Kf7 38. b4 Ke7 39. Nc5 Rb6 40. Kf1 Kd6 41. Ke2 Rb8 42. Rc3 Ra8 43. Rg3 Bg6 44. a4 a5 45. Nb7+ Kc7 46. Nxa5 Kb6 47. Ra3 Bh5+ 48. Kd2 Rg8 49. g3 Bg4 50. Nb3 h5 51. Nc5 h4 52. a5+ Ka7 53. Kc2 Be2 54. Re3 Bc4 55. Ne6 Rg6 56. Nf4 Rh6 57. h3 f5 58. Kc3 Ka6 59. Ng2 Bf1 60. Nxh4 Bxh3 61. Re1 Bg4 62. Kd2 f4 63. Rb1 e3+ 64. Ke1 exf2+ 65. Kxf2 fxg3+ 66. Kxg3 Be2 67. Re1 Bb5 68. Re7 Rf6 69. Nf3 Ba4 70. Ne5 Bd1 71. Rc7 Kb5 72. Rb7+ 1-0

[Event "Vaujany op 1st"]
[Site "Vaujany"]
[Date "2010.07.11"]
[Round "2"]
[White "Lees, Jean Pierre"]
[Black "Vasquez, Georges"]
[Result "0-1"]
[WhiteElo "1857"]
[BlackElo "2024"]
[PlyCount "76"]
[EventDate "2010.07.10"]
[EventType "swiss"]
[EventRounds "9"]
[EventCountry "FRA"]
[SourceTitle "CBM 137 Extra"]
[Source "ChessBase"]
[SourceDate "2010.09.01"]
[SourceVersion "1"]
[SourceVersionDate "2010.09.01"]
[SourceQuality "1"]

1. d4 Nf6 2. c4 g6 3. Nc3 Bg7 4. e4 d6 5. Nf3 0-0 6. Be2 e5 7. 0-0 Nc6 8. d5 Ne7 9. Ne1 Ne8 10. Be3 f5 11. f3 f4 12. Bf2 g5 13. a4 a5 14. Nd3 h5 15. c5 Ra6 16. b4 dxc5 17. Bxc5 Rg6 18. h3 axb4 19. Nxb4 Kh8 20. a5 Nd6 21. a6 bxa6 22. Nxa6 Ng8 23. Nb5 Nxb5 24. Bxb5 g4 25. fxg4 hxg4 26. hxg4 Bxg4 27. Be2 f3 28. Bxf3 Rxf3 29. Rxf3 Bh6 30. Qd3 Bxf3 31. Qxf3 Bf4 32. Kf1 Qa8 33. Qa3 Rg3 34. Qa4 Qc8 35. Qc6 Qg4 36. Qe6 Qh4 37. Bg1 Qh1 38. Ra2 Rc3 0-1

[Event "Val Thorens op"]
[Site "Val Thorens"]
[Date "2009.??.??"]
[Round "6"]
[White "Lees, Jean Pierre"]
[Black "Navrotescu, Andreea Cristiana"]
[Result "1-0"]
[WhiteElo "1863"]
[BlackElo "1847"]
[PlyCount "99"]
[EventDate "2009.07.18"]
[EventType "swiss"]
[EventRounds "9"]
[EventCountry "FRA"]
[SourceTitle "CBM 131 Extra"]
[Source "ChessBase"]
[SourceDate "2009.09.03"]
[SourceVersion "2"]
[SourceVersionDate "2009.09.16"]
[SourceQuality "1"]

1. d4 Nf6 2. c4 e6 3. Nc3 Bb4 4. Qc2 Nc6 5. e3 d6 6. Bd2 0-0 7. a3 Bxc3 8. Bxc3 Qe7 9. Bd3 a5 10. b3 e5 11. d5 Nb8 12. Qd2 b6 13. Ne2 Ba6 14. Ng3 Nbd7 15. Nf5 Qd8 16. e4 Nc5 17. Qc2 g6 18. Ng3 a4 19. b4 Nxd3+ 20. Qxd3 Ne8 21. 0-0 Ng7 22. f4 f6 23. fxe5 fxe5 24. Rxf8+ Qxf8 25. Rf1 Qe7 26. b5 Bb7 27. Qd1 h5 28. Bd2 Bc8 29. h3 Bd7 30. Qf3 Rf8 31. Qxf8+ Qxf8 32. Rxf8+ Kxf8 33. Bg5 Kf7 34. Ne2 Ne8 35. Nc3 Nf6 36. Kf2 Nxe4+ 37. Nxe4 Bf5 38. Ke3 Ke8 39. g4 hxg4 40. hxg4 Bc8 41. Kf3 Bb7 42. Nc3 Kd7 43. Nxa4 Kc8 44. Nb2 Kb8 45. Nd3 Bc8 46. Nb4 e4+ 47. Kg3 Bd7 48. Nc6+ Kb7 49. Ne7 Be8 50. Be3 1-0

[Event "FRA AJEC/5126 corr"]
[Site "France"]
[Date "2001.??.??"]
[Round "?"]
[White "Giraudet, Pierre"]
[Black "Lees, Jean Pierre"]
[Result "0-1"]
[WhiteElo "2034"]
[BlackElo "2134"]
[PlyCount "110"]
[EventDate "2001.??.??"]
[EventType "tourn (corr)"]
[EventRounds "8"]
[EventCountry "FRA"]
[SourceTitle "Corr 2004"]
[Source "ChessBase"]
[SourceDate "2003.04.28"]
[SourceVersion "3"]
[SourceVersionDate "2003.04.28"]
[SourceQuality "1"]

1. Nf3 c5 2. e4 d6 3. Nc3 Nc6 4. Be2 g6 5. 0-0 Bg7 6. d3 Nf6 7. Re1 0-0 8. Be3 b6 9. a3 Bb7 10. Rb1 Rc8 11. Bg5 h6 12. Bf4 Kh7 13. Qd2 Nh5 14. Be3 Nd4 15. Bxd4 cxd4 16. Nb5 e5 17. Nxa7 Ra8 18. Nb5 Qd7 19. c4 f5 20. exf5 Rxf5 21. Qb4 Bxf3 22. Bxf3 Rxf3 23. gxf3 Qh3 24. Re4 Rf8 25. Nxd6 Qxf3 26. Qd2 Nf4 27. Rxf4 Rxf4 28. Ne4 Rg4+ 29. Ng3 h5 30. Qd1 Qxd1+ 31. Rxd1 h4 32. Kg2 hxg3 33. hxg3 Rg5 34. b4 Rf5 35. a4 Rf8 36. a5 bxa5 37. bxa5 Ra8 38. Ra1 Ra6 39. f4 Kg8 40. Kf3 Kf7 41. Ke4 Ke6 42. fxe5 Bxe5 43. Ra2 Bxg3 44. Kxd4 Bc7 45. c5 Rxa5 46. Re2+ Kd7 47. Kd5 g5 48. Rg2 Bf4 49. d4 Ra6 50. Kc4 Rg6 51. d5 g4 52. d6 g3 53. Kd3 Re6 54. Rc2 Kc6 55. Kc4 Re4+ 0-1

[Event "AJEC Gr03 email"]
[Site "France"]
[Date "2000.??.??"]
[Round "?"]
[White "Lequeux, Olivier"]
[Black "Lees, Jean Pierre"]
[Result "1/2-1/2"]
[WhiteElo "1850"]
[BlackElo "2120"]
[PlyCount "74"]
[EventDate "2000.03.20"]
[EventType "tourn (corr)"]
[EventRounds "10"]
[EventCountry "FRA"]
[SourceTitle "Corr 2004"]
[Source "ChessBase"]
[SourceDate "2003.04.28"]
[SourceVersion "3"]
[SourceVersionDate "2003.04.28"]
[SourceQuality "1"]

1. e4 e6 2. d4 d5 3. Nc3 Nf6 4. e5 Nfd7 5. Nce2 c5 6. c3 Nc6 7. f4 f5 8. Nf3 Be7 9. Be3 c4 10. Ng5 Nb6 11. h3 Bd7 12. Qc2 Qc7 13. g4 g6 14. Bg2 h6 15. gxf5 gxf5 16. Nf3 Rg8 17. Rg1 0-0-0 18. Bf2 Rg7 19. 0-0-0 Na5 20. Qd2 Ba4 21. Bh1 Rdg8 22. Rxg7 Rxg7 23. Rg1 Rxg1+ 24. Bxg1 Qd8 25. Ng3 Qg8 26. Qh2 Be8 27. Nd2 Bf7 28. Kd1 Na4 29. Kc2 b5 30. b3 Nb6 31. Bf3 Qe8 32. Qe2 b4 33. Nb1 Qg8 34. Bf2 Nc6 35. Bh5 Qe8 36. Bf3 a5 37. Be1 Qg8 1/2-1/2